| 000 | 00491nam a22001697a 4500 | ||
|---|---|---|---|
| 003 | CEME | ||
| 005 | 20210628203603.0 | ||
| 008 | 210201b xxu||||| |||| 00| 0 eng d | ||
| 040 | _c. | ||
| 082 | _a297.63 KHA | ||
| 100 |
_aKhalid Ghaznavi. Dr _965588 |
||
| 245 | _aSana - ki - beemarian aur ilaj -e- abavi -5, peace beupon him | ||
| 250 | _aVOL-5 | ||
| 260 |
_aLAHORE _bALFAISAL PUBLISHER _c2000 |
||
| 650 |
_aISLAM-SANA - KI - BEEMARIAN AUR ILAJ -E- ABAVI _966402 |
||
| 942 |
_cBK _2ddc |
||
| 999 |
_c574378 _d574378 |
||